000 00818nam a22001937a 4500
005 20120211100820.0
010 _a
020 _c55.00
_a
035 _aA-485165
037 _b
_adpl
082 _a181.41
100 _a दामोलकर, दत्तप्रसाद
_941572
245 1 _aविज्ञानेश्वरी
_cदत्तप्रसाद दामोलकर
260 _aदिल्ली
_bभारतीय ज्ञानपीठ प्रकाशन
_c1991
270 _a
_b
_e
_k
300 _a157पृ.
_c21सेमी (सजिल्द)
942 _adpl
_cHN
_k
_2ddc
_h181.41
_m दामोल
999 _c62528
_d62528